000 00627nam a22002177a 4500
003 BD-DhJNU
005 20250729070756.0
008 250729b |||||||| |||| 00| 0 eng d
020 _a0333241630
020 _a0333241649
040 _aBD-DhJNU
_bENG
_cBD-DhJNU
_dBD-DhJNU
082 _223
_a959 HAH
100 _aHall, D. G. E.
245 _aA history of South-east Asia /
_cD. G. E. Hall
250 _a4th ed.
260 _aLondon :
_bMacmillan,
_c1965.
300 _axvii, 956p. :
_bill. ;
_c23 cm.
504 _aIncludes bibliographical references and index
650 _aSoutheast Asia
_x History
942 _2ddc
_cBK
_n0
999 _c1955
_d1955